| 000 | 00533nam a2200205Ia 4500 | ||
|---|---|---|---|
| 005 | 20250508150914.0 | ||
| 008 | 008 250505s9999 xx 000 0 eng d | ||
| 037 | _aTextual | ||
| 040 |
_aFEDL _beng _cFEDL |
||
| 041 |
_aeng _2eng |
||
| 084 |
_a150, DEN _qFEDL |
||
| 100 | _aDennis Wayne | ||
| 245 | 0 | _aReadings in general psychology | |
| 260 |
_aNew York, USA _bPrentice-Hall _c1949 |
||
| 300 | _axi,252p. | ||
| 365 |
_aINR _b24 |
||
| 650 | _aPsychology | ||
| 942 |
_cTEXL _h150, DEN |
||
| 999 |
_c1326402 _d1326402 |
||